000 00378nam a2200145Ia 4500
008 230917s9999||||xx |||||||||||||| ||und||
040 _e99628
_aMAIN
041 _aEnglish
082 _a784.40954558 D536H
100 _aDhankar, Reeta
245 0 _aHaryana tatha punjab ki sangeet parmpara
260 _aDelhi
_bSanjay Prakashan
_c2003
300 _axiv, 405 p.
942 _cBK
999 _c116680
_d116680